000 00600nam a22002057a 4500
003 OSt
005 20160817174409.0
008 160816b xxu||||| |||| 00| 0 eng d
020 _a1899541594
040 _c040a
082 _aWB 100
_bP761t 2001
100 _aPollard, Andrew J.
_910743
245 _aTravel medicine /
_cAndrew J. Pollard, David R Murdoch
260 _aOxford
_bHealth press
_c2001
300 _a152p ;
_bcol.ill :
_c10 cm.
504 _aIncludes bibliographical references and index
650 _aTravel medicine
_910744
700 _aMurdoch, David R.
_910745
942 _2z
_cO_SHELF
999 _c5015
_d5015